000 00702nam a2200289Ia 4500
005 20260324134750.0
008 008 260324s9999 xx 000 0 eng d
020 _a9781315069319
037 _aEBOOK
040 _aCRL
040 _beng
040 _cCRL
041 _2eng
041 _aeng
084 _qCRL
100 _aCaroline Allen
_91198069
245 2 _aA Framework for Learning
245 0 _bFor Adults with Profound and Complex Learning Difficulties
260 _bTaylor and Francis
260 _c2001
365 _a
365 _b205
856 _uhttp://www.taylorfrancis.com/books/9781315069319
942 _cEBOOK
999 _c1798479
_d1798479